| 000 | 00808na a2200229 4500 | ||
|---|---|---|---|
| 001 | 18835 | ||
| 003 | MIRAKIL | ||
| 005 | 20181213155011.0 | ||
| 008 | 161129b tu 000 0 | ||
| 035 | _a18835 | ||
| 040 |
_aMilas _btur _cTR-AnCHP |
||
| 041 | _atur | ||
| 082 |
_a334 _bT14 1996 |
||
| 090 | _a334 T14 1996 | ||
| 110 | _aT.C. Başbakanlık Devlet Planlama Teşkilatı Müsteşarlığı | ||
| 245 |
_aKonut özel ihtisas komisyonu raporu _cT.C. Başbakanlık Devlet Planlama Teşkilatı Müsteşarlığı |
||
| 260 |
_aAnkara _bT.C. Başbakanlık Devlet Planlama Teşkilatı Müsteşarlığı _c1996 |
||
| 300 |
_a207 s. _btbl. _c23 sm. |
||
| 490 |
_aT.C. Başbakanlık Devlet Planlama Teşkilatı Müsteşarlığı _v490 |
||
| 650 |
_aKonut politikası _xRaporlar _zTürkiye |
||
| 942 |
_2ddc _cBKS |
||
| 999 |
_c4583 _d4583 |
||